Vista normal
Vista MARC
Entrada Materia (geográfica)
Número de registros utilizados en: 1
001 - CONTROL NUMBER
- control field: 62076
003 - CONTROL NUMBER IDENTIFIER
- control field: Co-BoUCM
005 - DATE AND TIME OF LATEST TRANSACTION
- control field: 20140603083659.0
008 - FIXED-LENGTH DATA ELEMENTS
- fixed length control field: 140603|| aca||aabn | a|a d
040 ## - CATALOGING SOURCE
- Original cataloging agency: Co-BoUCM
- Transcribing agency: Co-BoUCM
151 ## - HEADING--GEOGRAPHIC NAME
- Geographic name: París (Francia)
- General subdivision: Historia
- General subdivision: Higiene pública
- Chronological subdivision: 1855-1898
670 ## - SOURCE DATA FOUND
- Source citation: Work cat.: (Co-BoUCM)242420: Chevallier, Fabienne 62075, Le Paris moderne , 2010